[Event "Fouesnant op 14th"]
[Site "Fouesnant"]
[Date "2008.10.31"]
[Round "8"]
[White "Peyre, Thomas"]
[Black "Picart, Laurent"]
[Result "1-0"]
[WhiteElo "1919"]
[BlackElo "2141"]
[PlyCount "27"]
[EventDate "2008.10.25"]
[EventType "swiss"]
[EventRounds "9"]
[EventCountry "FRA"]
[SourceTitle "EXT 2009"]
[Source "ChessBase"]
[SourceDate "2008.11.26"]
[SourceVersion "1"]
[SourceVersionDate "2008.11.26"]
[SourceQuality "1"]

1. e4 e5 2. Nf3 Nc6 3. Bb5 a6 4. Ba4 d6 5. c3 Bd7 6. 0-0 Nge7 7. d3 Ng6 8. Be3 Be7 9. Re1 h6 10. Nbd2 Bg5 11. Nf1 Qf6 12. d4 0-0 13. Nxg5 hxg5 14. d5 1-0

[Event "Fouesnant op 14th"]
[Site "Fouesnant"]
[Date "2008.10.29"]
[Round "6"]
[White "Peyre, Thomas"]
[Black "Durand, Bernard"]
[Result "1-0"]
[WhiteElo "1919"]
[BlackElo "1770"]
[PlyCount "47"]
[EventDate "2008.10.25"]
[EventType "swiss"]
[EventRounds "9"]
[EventCountry "FRA"]
[SourceTitle "EXT 2009"]
[Source "ChessBase"]
[SourceDate "2008.11.26"]
[SourceVersion "1"]
[SourceVersionDate "2008.11.26"]
[SourceQuality "1"]

1. e4 e5 2. Nf3 Nc6 3. Bb5 a6 4. Ba4 Nf6 5. 0-0 Be7 6. Re1 b5 7. Bb3 0-0 8. h3 Na5 9. Nxe5 Nxb3 10. axb3 Bb7 11. d3 d6 12. Nf3 Nd7 13. Nbd2 f5 14. Nd4 Qc8 15. Nxf5 Rxf5 16. exf5 Bf6 17. Ne4 Ne5 18. Nxf6+ gxf6 19. Qh5 Kh8 20. Re3 Bxg2 21. Rxe5 Qg8 22. Qg4 dxe5 23. Qxg2 Qf8 24. Bh6 1-0

[Event "FRA-ch op-A"]
[Site "Pau"]
[Date "2008.08.21"]
[Round "9"]
[White "Gaubil, Olivier"]
[Black "Peyre, Thomas"]
[Result "1-0"]
[WhiteElo "2154"]
[BlackElo "1922"]
[PlyCount "103"]
[EventDate "2008.08.11"]
[EventType "swiss"]
[EventRounds "9"]
[EventCountry "FRA"]
[SourceTitle "CBM 126 Extra"]
[Source "ChessBase"]
[SourceDate "2008.11.05"]
[SourceVersion "1"]
[SourceVersionDate "2008.11.05"]
[SourceQuality "1"]

1. Nf3 Nf6 2. d4 e6 3. c4 b6 4. g3 Bb7 5. Bg2 d5 6. Ne5 Be7 7. 0-0 c6 8. Nc3 0-0 9. Bg5 Nbd7 10. Rc1 Rc8 11. Qa4 a6 12. Nxd7 Nxd7 13. Bxe7 Qxe7 14. cxd5 cxd5 15. e3 Rc4 16. Qb3 Rfc8 17. Rc2 b5 18. Rfc1 Nb6 19. Nb1 Qc7 20. Na3 Rxc2 21. Rxc2 Nc4 22. Qb4 Qd7 23. b3 a5 24. Qxb5 Bc6 25. Qc5 Ba4 26. Rxc4 Rxc5 27. Rxc5 Bc6 28. Rxa5 g6 29. Bf1 Qe7 30. Nc2 h5 31. Rc5 Bb7 32. a4 e5 33. a5 exd4 34. exd4 Qe4 35. b4 Qg4 36. a6 Ba8 37. b5 Qe6 38. b6 Qxb6 39. Rc8+ Kg7 40. Rxa8 h4 41. Rc8 hxg3 42. hxg3 f5 43. Rc3 f4 44. Ra3 Qa7 45. Rb3 Kh6 46. Rb7 Qa8 47. Rf7 g5 48. Bd3 Kh5 49. f3 g4 50. gxf4 gxf3 51. Ne3 Kh4 52. Kf2 1-0

[Event "Fouesnant op 13th"]
[Site "Fouesnant"]
[Date "2007.11.02"]
[Round "8"]
[White "Peyre, Thomas"]
[Black "Allorant, Adrien"]
[Result "1/2-1/2"]
[WhiteElo "1893"]
[BlackElo "1992"]
[PlyCount "112"]
[EventDate "2007.10.27"]
[EventType "swiss"]
[EventRounds "9"]
[EventCountry "FRA"]
[SourceTitle "EXT 2008"]
[Source "ChessBase"]
[SourceDate "2007.11.25"]
[SourceVersion "1"]
[SourceVersionDate "2007.11.25"]
[SourceQuality "1"]

1. e4 c5 2. Nf3 d6 3. d4 Nf6 4. Nc3 cxd4 5. Nxd4 g6 6. Be3 Bg7 7. f3 0-0 8. Bc4 Nc6 9. Qd2 Nd7 10. Be2 Nb6 11. 0-0 Ne5 12. b3 d5 13. Rad1 dxe4 14. Nxe4 Nd5 15. Nb5 Be6 16. c4 Nxe3 17. Qxe3 Qa5 18. Kh1 Nc6 19. a3 Bf5 20. b4 Qa6 21. Nc7 Qb6 22. Qxb6 axb6 23. Nxa8 Rxa8 24. Ng3 Be6 25. Rd2 Rxa3 26. b5 Bc3 27. Rdd1 Na5 28. Ne4 Be5 29. c5 Ra2 30. Bd3 Bb3 31. Rde1 f5 32. Ng3 Bc3 33. Rxe7 bxc5 34. Rc1 Bf6 35. Re8+ Kf7 36. Rce1 c4 37. Bb1 Ra1 38. R8e2 c3 39. Bd3 Rxe1+ 40. Rxe1 Bg5 41. Ne2 Bd2 42. Ra1 b6 43. Nd4 Bd5 44. Bc2 Kf6 45. Rb1 Ke5 46. Nc6+ Bxc6 47. bxc6 Nxc6 48. Rxb6 Nd4 49. Bb1 Be3 50. Rb7 c2 51. Bxc2 Nxc2 52. Rxh7 Nd4 53. h4 Ne6 54. g4 f4 55. h5 gxh5 56. Rxh5+ Kf6 1/2-1/2